La memoria fermentada : (Registro nro. 13747)

Detalles MARC
000 -LIDER
fixed length control field 00766nam a2200253 a 4500
001 - NÚMERO DE CONTROL
Identificador de número de control
003 - IDENTIFICACDOR DE NÚMERO DE CONTROL
control field DO-SdBNP
005 - DATE AND TIME OF LATEST TRANSACTION
control field 20211001124754.0
008 - ELEMENTOS DE LONGITUD FIJA
fixed length control field 090921s2001 dr 001 0 spa d
020 ## - ISBN
International Standard Book Number 9993423130
040 ## - FUENTE DE CATALOGACIÓN
Agencia que crea de manera original el registro DO-SdBNP
Idioma de catalogación spa
Agencia que realiza la transcripción BPMSU
082 ## - NÚMERO DE CLASIFICACIÓN DECIMAL DE DEWEY
Classification number RD864.44
Item number V443m, 2001
Edition number 22
100 1# - ASIENTO PRINCIPAL -- NOMBRE PERSONAL
Nombre personal Veloz Maggilo, Marcio
245 13 - MENCIÓN DE TITULO
Título La memoria fermentada :
Subtítulo ensayos bioliterarios /
Mención de responsabilidad Marcio Veloz Maggiolo ; edición Rafael Bello Peguero.
250 ## - MENCIÓN DE EDICION
Mención de edición 2a. ed.
260 ## - PUBLICACIÓN, DISTRIBUCIÓN, ETC. (PIE DE IMPRENTA)
Lugar de publicación, distribución, etc Santo Domingo :
Nombre del editor, distribuidor, etc. Amigo del Hogar,
Fecha de publicación, distribución, etc 2001.
300 ## - DESCRIPCIÓN FÍSICA
Extensión 157 p. ;
Dimensiones 23 cm.
590 ## - NOTA LOCAL
Enlace Inventariado, 2021/VM
650 #4 - ENCABEZAMIENTO DE MATERIA--TEMÁTICO
Término temático o nombre geográfico como elemento de entrada Ensayos dominicanos
650 #4 - ENCABEZAMIENTO DE MATERIA--TEMÁTICO
Término temático o nombre geográfico como elemento de entrada Literatura dominicana.
700 1# - ASIENTO SECUNDARIO -- NOMBRE PERSONAL
Nombre personal Bello Peguero, Rafael
Fechas asociadas con el nombre 1932 -
Mención de responsabilidad ed.
910 ## - VALIDACIÓN
Validación VMateo V.
942 ## - ADDED ENTRY ELEMENTS (KOHA)
Source of classification or shelving scheme Dewey Decimal Classification
Koha item type Libros
Existencias
Withdrawn status Lost status Source of classification or shelving scheme Damaged status Not for loan Collection code Home library Current library Date acquired Source of acquisition Total Checkouts Full call number Barcode Date last seen Copy number Price effective from Koha item type
    Dewey Decimal Classification     Colección Dominicana Biblioteca Pública Metropolitana Salomé Ureña Biblioteca Pública Metropolitana Salomé Ureña 10/01/2021 Compra   BPMSU CD RD864.44 V443m, 2001 BPMSU21100014 10/01/2021 10/01/2021 Libros
    Dewey Decimal Classification     Colección Dominicana Biblioteca Pública Metropolitana Salomé Ureña Biblioteca Pública Metropolitana Salomé Ureña 10/01/2021 Compra   BPMSU CD RD864.44 V443m, 2001 BPMSU21100015 10/01/2021 e.2 10/01/2021 Libros
    Dewey Decimal Classification     Colección Dominicana Biblioteca Pública Metropolitana Salomé Ureña Biblioteca Pública Metropolitana Salomé Ureña 10/01/2021 Compra   BPMSU CD RD864.44 V443m, 2001 BPMSU21100016 10/01/2021 e.3 10/01/2021 Libros